Automatizácia tvorby informačných systémov

Guardado en:
Detalles Bibliográficos
Autor principal: Russev, Stojan Todorov
Autor Corporativo: Ekonomická univerzita v Bratislave. Fakulta hospodárskej informatiky
Otros Autores: Polášek, Ivan, Majirský, Miroslav, Kniežová, Jaroslava
Formato: Libro
Lenguaje:eslovaco
Publicado: Bratislava Vydavateľstvo EKONÓM 2003
Materias:
Etiquetas: Agregar Etiqueta
Sin Etiquetas, Sea el primero en etiquetar este registro!

MARC

LEADER 00000nam$a2200000$$$4500
001 0008583
005 20240226122132.6
020 |a 80-225-1602-3 
041 0 |a slo 
044 |a SK 
245 1 0 |a Automatizácia tvorby informačných systémov  |c Stojan T. Russev a kolektív 
264 1 |a Bratislava  |b Vydavateľstvo EKONÓM  |c 2003 
300 |a 344 s. 
610 2 0 |a systémy informačné 
610 2 0 |a automatizácia 
610 2 0 |a vývoj systémov 
610 2 0 |a systémy databázové 
610 2 0 |a jazyky programovacie 
610 2 0 |a spoločnosť informačná 
610 2 0 |a SAPP 
610 2 0 |a SDW 
610 2 0 |a CASE 
610 2 0 |a MS VISIO 
610 2 0 |a DESIGNER/2000 
100 1 |a Russev, Stojan Todorov 
700 1 |a Polášek, Ivan 
700 1 |a Majirský, Miroslav 
700 1 |a Kniežová, Jaroslava 
710 2 |a Ekonomická univerzita v Bratislave. Fakulta hospodárskej informatiky